La politica agropecuaria de Hungria / (Record no. 1070)

000 -CABECERA
fixed length control field 00765nam a22002297a 4500
003 - IDENTIFICADOR DEL NÚMERO DE CONTROL
control field AR-CdUCM
008 - DATOS DE LONGITUD FIJA--INFORMACIÓN GENERAL
fixed length control field 190226b ||||| |||| 00| 0 spa d
020 ## - NÚMERO INTERNACIONAL ESTÁNDAR DEL LIBRO
ISBN 963 13 2166 5
040 ## - FUENTE DE LA CATALOGACIÓN
Agencia/entidad que catalogó originalmente la obra MUNICIPALIDAD PROVINCIAL DEL CUSCO
Entidad que transcribió la catalogación BIBLIOTECA MUNICIPAL DEL CUSCO
082 ## - NÚMERO DE LA CLASIFICACIÓN DECIMAL DEWEY
No. de Clasificación 943.91 /
Notacion interna C88
100 ## - ENTRADA PRINCIPAL--NOMBRE DE PERSONA
Nombre Personal Csizmadia, Erno
245 ## - MENCIÓN DE TÍTULO
Título La politica agropecuaria de Hungria /
Mención de responsabilidad Szekely, Magda
260 ## - PUBLICACIÓN, DISTRIBUCIÓN, ETC.
Lugar de publicación, distribución, etc. Hungary :
Nombre de la editorial, distribuidor, etc. Kossuth
Fecha de publicación, distribución, etc. 1985
300 ## - DESCRIPCIÓN FÍSICA
Nº de Páginas Extensión 213 paginas ;
Dimensiones 20 cm.
Material acompañante 14 ilustraciones.
505 ## - NOTA DE CONTENIDO CON FORMATO
Nota de contenido formateada En el centro de Europa -- La vida economica -- Las cooperativas ...
650 ## - PUNTO DE ACCESO ADICIONAL DE MATERIA--TÉRMINO DE MATERIA
Descriptor Agropecuaria.
9 (RLIN) 4178
650 ## - PUNTO DE ACCESO ADICIONAL DE MATERIA--TÉRMINO DE MATERIA
Descriptor Escolaridad.
9 (RLIN) 4179
650 ## - PUNTO DE ACCESO ADICIONAL DE MATERIA--TÉRMINO DE MATERIA
Descriptor Rentabilidad.
9 (RLIN) 4180
650 ## - PUNTO DE ACCESO ADICIONAL DE MATERIA--TÉRMINO DE MATERIA
Descriptor Exportaciones.
9 (RLIN) 4181
942 ## - ELEMENTOS DE PUNTO DE ACCESO ADICIONAL (KOHA)
Fuente de clasificación
Tipo de item Libros-BMC
945 ## - PROCESAMIENTO DE INFORMACIÓN LOCAL (OCLC)
Catalogador acrt
AAAA-MM-DD - Fecha de ingreso o modificacion 2019-02-26
Holdings
Estado de retiro (separado) Fuente de clasificación o esquema de estanterías Estado dañado Ubicación Sala donde se ubica Nombre de la colección Fecha de adquisición o compra Costo, precio normal en soles Signatura topográfica Código de Barras Última vez visto (Koha) Tipo de ítem (Koha)
No     Sala Humanidades Sala Humanidades Book Cart 2019-02-26 20.00 943.91 / C88 SH0000000899 2019-02-26 Libros-BMC

Powered by Koha